00362 a2200109 4500001001000000005001700010008004100027245007400068100002500142773006800167999001700235ART_4091920260410161805.0260409a 10aEl ejercicio de los derechos del accionista en ocasión de su muerte1 aBarreiro, Marcelo G.0 tDoctrina Societaria y Concursalg- Nº 349 (dic. 2016)wREV4298 c20923d20923